000 00737nam a2200289Ia 4500
001 3331
003 IT-RoPAU
008 130308s9999 xx 000 0 und d
040 _aIT-RoPAU
040 _cIT-RoPAU
041 _aITALIANO
100 _aJacono Gustavo
100 _gCodice Aut. SPICS: 5265
245 _aMetodologia della discussione di gruppo
245 _bConoscere la Tv
250 _a1a ed.
260 _aROMA
260 _bAiart
260 _c1967 [1° Ed.:1967 - Ed.Ling.Originale:1967]
300 _a"18 p. (prefazione: no ; testo: 18 [pagine: 141-158])"
650 _aSAGGI SULLA TELEVISIONE
650 _eCodice materia Spics: 6961
942 _cBK
957 _71
999 _c57808
_d57808
999 _bSI
999 _g1